000 00859nam a2200301Ia 4500
001 Z_5845
003 CHAP
008 220113s9999 xx 000 0 und d
010 _a169050
020 _a0-85199-010-X
040 _cCHAP
082 _a630.28 T46
100 _aThornley, J. H. M.
_9143368
245 _aMathematical models in agriculture a quantitative : approach to problems in agriculture and related sciences /
_cJ. H. M. Thornley y J. France
250 _a2a. ed.
260 _aReino Unido :
_bCABI,
_c
300 _axvii, 906 p.
503 _aej.1: 242183
504 _aBibliografía: p. 843 - 886
650 _aAgricultura
_x
_x Análisis estadístico
_9143369
650 _aAgricultura
_xModelos matemáticos
_91744
901 _a630.28 T46
902 _aM
910 _a
942 _c1
942 _cc1
999 _c169050
_d169050